Statistiques concernant Les 10 sports les plus pratiqués dans le monde

Cliquez ici pour prendre le quiz!

Statistiques générales

  • Ce quiz a été pris 1 074 fois
  • Le résultat moyen est 6 sur 10

Statistiques - réponses

HintRéponse% Correct
1Football
99%
4Tennis
88%
2Basketball
87%
6Natation
70%
10Baseball
53%
8Volleyball
52%
5Athlétisme
50%
9Golf
50%
3Cricket
43%
7Badminton
36%

Distribution des résultats

Percentile par nombre de réponses

% des personnes avec chaque résultat

Votre développement - résultats

Vous n’avez pas pris ce quiz